Liverpool FC 2005 Champions League Squad - Statistics

General Stats
  • This quiz has been taken 125 times
  • The average score is 11 of 15
Answer Stats
Hint Answer % Correct
M Steven Gerrard
98%
G Jerzy Dudek
96%
D Jamie Carragher
92%
Mgr Rafael Benitez
90%
M Xabi Alonso
90%
FM John Arne Riise
80%
SUB Vladimir Smicer
76%
F Milan Baros
71%
D Sami Hyypia
71%
D Djimi Traore
68%
F Harry Kewell
65%
SUB Djibril Cisse
64%
D Steve Finnan
64%
M Luis Garcia
59%
SUB Dietmar Hamann
57%
No matching quizzes found
Score Distribution
Percent of People with Each Score
Percentile by Number Answered
Your Score History
You have not taken this quiz